[Event "Benidorm Once Cup tt"]
[Site "Benidorm"]
[Date "2011.11.16"]
[Round "4.3"]
[White "Fernandez Cabello, Emilio"]
[Black "Benavides Marana, Jesus"]
[Result "1-0"]
[WhiteElo "1658"]
[BlackElo "1722"]
[PlyCount "77"]
[EventDate "2011.11.13"]
[EventType "team-tourn"]
[EventRounds "7"]
[EventCountry "ESP"]
[SourceTitle "CBM 145 Extra"]
[Source "ChessBase"]
[SourceDate "2012.01.03"]
[SourceVersion "1"]
[SourceVersionDate "2012.01.03"]
[SourceQuality "1"]
[WhiteTeam "Madrid II"]
[BlackTeam "Cantabria"]
[WhiteTeamCountry "ESP"]
[BlackTeamCountry "ESP"]

1. e4 c5 2. Nc3 e6 3. f4 d5 4. d3 Nc6 5. Nf3 dxe4 6. dxe4 Qxd1+ 7. Kxd1 a6 8. g3 Bd7 9. Bg2 Nd4 10. Ne2 Nxe2 11. Kxe2 Bb5+ 12. Kf2 Rd8 13. Be3 Nf6 14. Ne5 Be7 15. c4 Bd7 16. Rad1 0-0 17. Nxd7 Nxd7 18. Rd2 Nf6 19. Bf3 Rxd2+ 20. Bxd2 b6 21. Rd1 Rd8 22. e5 Ne8 23. Bc3 Nc7 24. Rxd8+ Bxd8 25. b3 Kf8 26. Bc6 Ke7 27. Kf3 Kf8 28. g4 h6 29. a4 g5 30. f5 exf5 31. gxf5 a5 32. Kg4 Kg7 33. h3 f6 34. e6 Na6 35. Be1 Nb4 36. Be4 Be7 37. Bg3 Na6 38. Bb7 Nb4 39. Bc7 1-0

[Event "Benidorm Once Cup tt"]
[Site "Benidorm"]
[Date "2011.11.14"]
[Round "2.3"]
[White "Arcas Rodriguez, Jordi"]
[Black "Fernandez Cabello, Emilio"]
[Result "1-0"]
[WhiteElo "1620"]
[BlackElo "1658"]
[PlyCount "57"]
[EventDate "2011.11.13"]
[EventType "team-tourn"]
[EventRounds "7"]
[EventCountry "ESP"]
[SourceTitle "CBM 145 Extra"]
[Source "ChessBase"]
[SourceDate "2012.01.03"]
[SourceVersion "1"]
[SourceVersionDate "2012.01.03"]
[SourceQuality "1"]
[WhiteTeam "Barcelona II"]
[BlackTeam "Madrid II"]
[WhiteTeamCountry "ESP"]
[BlackTeamCountry "ESP"]

1. d4 e6 2. c4 f5 3. g3 Nf6 4. Bg2 d6 5. Nc3 Be7 6. e3 0-0 7. Nge2 Qe8 8. Qb3 c6 9. 0-0 Na6 10. e4 e5 11. exf5 Rb8 12. c5+ Kh8 13. cxd6 Bxd6 14. Ne4 Nxe4 15. Bxe4 exd4 16. Qc2 Nc5 17. Nxd4 Qxe4 18. Qxe4 Nxe4 19. Re1 Nf6 20. Bd2 Bc5 21. Bf4 Bxd4 22. Bxb8 Bxf5 23. Be5 Bxf2+ 24. Kxf2 Ng4+ 25. Kg2 Re8 26. Rad1 Kg8 27. Bc3 Be4+ 28. Kg1 a6 29. Rd7 1-0

[Event "Parla op 25th"]
[Site "Parla"]
[Date "2010.09.06"]
[Round "3"]
[White "Martinez Soler, Manuel"]
[Black "Fernandez Cabello, Emilio"]
[Result "1-0"]
[WhiteElo "1563"]
[BlackElo "1809"]
[PlyCount "58"]
[EventDate "2010.09.04"]
[EventType "swiss"]
[EventRounds "9"]
[EventCountry "ESP"]
[SourceTitle "CBM 138 Extra"]
[Source "ChessBase"]
[SourceDate "2010.10.29"]
[SourceVersion "1"]
[SourceVersionDate "2010.10.29"]
[SourceQuality "1"]

1. d4 Nf6 2. Nf3 g6 3. c4 Bg7 4. Nc3 0-0 5. e4 d6 6. Be2 e5 7. 0-0 exd4 8. Nxd4 Re8 9. f3 Nbd7 10. Be3 Nf8 11. Qd2 Ne6 12. Nxe6 Bxe6 13. Rac1 c6 14. Rfd1 d5 15. cxd5 cxd5 16. e5 Nd7 17. f4 Nb6 18. b3 Rc8 19. Nb5 Rxc1 20. Rxc1 Nc8 21. Nxa7 Nxa7 22. Bxa7 f6 23. Bd4 fxe5 24. Bxe5 Bxe5 25. fxe5 Bf7 26. Qd4 Qg5 27. Rd1 Rxe5 28. Bf3 h5 29. h4 Qd8 1-0

[Event "ESP-chT2 Once"]
[Site "Fuengirola"]
[Date "2009.11.22"]
[Round "1.1"]
[White "Zanoletty Garcia, David"]
[Black "Fernandez Cabello, Emilio"]
[Result "1-0"]
[WhiteElo "2004"]
[BlackElo "1830"]
[PlyCount "53"]
[EventDate "2009.11.22"]
[EventType "team-tourn"]
[EventRounds "7"]
[EventCountry "ESP"]
[SourceTitle "CBM 133 Extra"]
[Source "ChessBase"]
[SourceDate "2010.01.05"]
[SourceVersion "1"]
[SourceVersionDate "2010.01.05"]
[SourceQuality "1"]

1. Nf3 Nf6 2. c4 g6 3. Nc3 Bg7 4. e4 d6 5. d4 0-0 6. Be2 e5 7. d5 a5 8. Bg5 h6 9. Bh4 g5 10. Bg3 Nh5 11. Nd2 Nf4 12. Bxf4 exf4 13. h4 Na6 14. hxg5 hxg5 15. Bd3 g4 16. Be2 Qg5 17. a3 Be5 18. Qc2 Bd7 19. 0-0-0 c6 20. Kb1 Rab8 21. Nb3 b5 22. dxc6 b4 23. Nb5 a4 24. N3d4 b3 25. Qd2 Be8 26. Nf5 Nc5 27. Bd3 1-0